Zaujímavosti zo života včely, Bohumír Martinovič

Bibliographic Details
Other Authors: Martinovič, Bohumír (Translator)
Format: Article
Language:Slovak

MARC

LEADER 00000nab a2200000ua 4500
001 vtls010784946
003 SK-MaSNL
005 20260303120232.0
008 230131s1960 xo |||||||||||||||||slo|
035 |a (urnnbn)urn:nbn:sk:snk:ar-a002oy 
035 |a (uuid)eda012ba-0e08-45a3-9f2f-6b0696b4b770 
035 |a urn:nbn:sk:snk-ab4zn9 
040 |a SNKBUCL  |b slo  |c SNKBUCL  |e AACR2 
041 0 |a slo 
044 |a xo  |c SK 
245 0 0 |a Zaujímavosti zo života včely, Bohumír Martinovič 
700 1 |a Martinovič, Bohumír  |4 trl  |9 650641 
773 0 |t Včelár : odborný časopis Povereníctva poľnohospodárstva a lesného hospodárstva a Ústredia včelárskych združení na Slovensku  |g Roč. 34, č. 1 (1960), s. 8-10 
954 |a odborná, vedecká literatúra pôvodná (slovenská)  |2 lita 
958 |a OND 
958 |a EUIPO 
958 |a article3 
999 |c 1908237  |d 1910167